[Event "GER-ch Net blitz qual4"]
[Site "Playchess.com INT"]
[Date "2021.05.10"]
[Round "7"]
[White "Kienzle, Stephan"]
[Black "Nguyen, Phuc Nhat"]
[Result "0-1"]
[WhiteElo "1191"]
[BlackElo "1659"]
[PlyCount "93"]
[EventDate "2021.05.10"]
[EventType "swiss (blitz)"]
[EventRounds "11"]
[EventCountry "GER"]
[SourceTitle "CBM 202 Extra"]
[Source "ChessBase"]
[SourceDate "2021.07.31"]
[SourceVersion "1"]
[SourceVersionDate "2021.07.31"]
[SourceQuality "1"]

1. d4 d5 2. Bf4 Nf6 3. e3 Bf5 4. Nf3 e6 5. Bd3 Bxd3 6. Qxd3 c5 7. Qb5+ Qd7 8. Qxd7+ Nbxd7 9. dxc5 Bxc5 10. Ne5 Nxe5 11. Bxe5 Ke7 12. Bd4 Bxd4 13. exd4 Rac8 14. 0-0 Rxc2 15. h3 Ne4 16. Na3 Rxb2 17. Rab1 Rxb1 18. Nxb1 Rc8 19. Rd1 Rc2 20. Na3 Rxa2 21. Nb5 a6 22. Nc7 Rxf2 23. Rf1 Rxf1+ 24. Kxf1 Kd7 25. Nxd5 exd5 26. Ke2 b5 27. Kd3 b4 28. Kc2 a5 29. Kb3 Kc6 30. Kb2 g5 31. Kb3 Kb5 32. Kb2 a4 33. Kb1 Kc4 34. Kb2 Kxd4 35. Kb1 Kc4 36. Kb2 d4 37. Kb1 d3 38. Kc1 Kb3 39. Kb1 a3 40. Kc1 Kc3 41. Kb1 b3 42. Ka1 Nf6 43. Kb1 Nd5 44. Ka1 Nb4 45. Kb1 h6 46. g3 a2+ 47. Ka1 0-1

[Event "GER-ch Net blitz qual4"]
[Site "Playchess.com INT"]
[Date "2021.05.10"]
[Round "1"]
[White "Kienzle, Stephan"]
[Black "Zhou, Lepu Coco"]
[Result "0-1"]
[WhiteElo "1191"]
[BlackElo "1822"]
[PlyCount "58"]
[EventDate "2021.05.10"]
[EventType "swiss (blitz)"]
[EventRounds "11"]
[EventCountry "GER"]
[SourceTitle "CBM 202 Extra"]
[Source "ChessBase"]
[SourceDate "2021.07.31"]
[SourceVersion "1"]
[SourceVersionDate "2021.07.31"]
[SourceQuality "1"]

1. d4 Nf6 2. Bf4 g6 3. e3 Bg7 4. Nf3 0-0 5. Bd3 d6 6. 0-0 Nbd7 7. e4 Nh5 8. Bg5 h6 9. Bh4 g5 10. Nxg5 hxg5 11. Bxg5 Nhf6 12. h3 c5 13. dxc5 dxc5 14. Nc3 Qa5 15. Nd5 Nxd5 16. exd5 c4 17. Bxc4 Ne5 18. Be2 Bf5 19. Qe1 Qxe1 20. Rfxe1 Ng6 21. Bd3 Bxd3 22. cxd3 Rfd8 23. d6 Rxd6 24. Red1 Rad8 25. a4 Rxd3 26. Rxd3 Rxd3 27. a5 Bxb2 28. Rb1 Be5 29. Rxb7 Rd1# 0-1

[Event "GER-ch Net blitz qual4"]
[Site "Playchess.com INT"]
[Date "2021.05.10"]
[Round "5"]
[White "Kloetgen, Gerhard"]
[Black "Kienzle, Stephan"]
[Result "0-1"]
[WhiteElo "1620"]
[BlackElo "1191"]
[PlyCount "72"]
[EventDate "2021.05.10"]
[EventType "swiss (blitz)"]
[EventRounds "11"]
[EventCountry "GER"]
[SourceTitle "CBM 202 Extra"]
[Source "ChessBase"]
[SourceDate "2021.07.31"]
[SourceVersion "1"]
[SourceVersionDate "2021.07.31"]
[SourceQuality "1"]

1. d4 g6 2. c4 Bg7 3. Nc3 Nf6 4. e4 0-0 5. Nf3 Nc6 6. Bd3 Nb4 7. Bb1 b6 8. a3 Na6 9. Bd3 c5 10. d5 e6 11. 0-0 exd5 12. exd5 Ng4 13. Re1 d6 14. h3 Nf6 15. Bg5 Bd7 16. Ne4 Qc8 17. Nxd6 Qc7 18. Nb5 Qc8 19. Nd6 Qc7 20. Bf4 Nb8 21. Bh2 a6 22. Nxf7 Rxf7 23. Bxc7 b5 24. Be5 bxc4 25. Bxc4 Bb5 26. Bxb5 axb5 27. Rc1 Nbd7 28. Bxf6 Nxf6 29. Rxc5 Rd7 30. Ne5 Rdd8 31. Qb3 Nxd5 32. Rxd5 Rxd5 33. Qxd5+ Kf8 34. Qxa8+ Ke7 35. Qb7+ Kf6 36. Ng4+ Kf5 0-1

[Event "GER-ch Net blitz qual4"]
[Site "Playchess.com INT"]
[Date "2021.05.10"]
[Round "9"]
[White "Kriminski, Christoph"]
[Black "Kienzle, Stephan"]
[Result "1-0"]
[WhiteElo "1640"]
[BlackElo "1191"]
[PlyCount "49"]
[EventDate "2021.05.10"]
[EventType "swiss (blitz)"]
[EventRounds "11"]
[EventCountry "GER"]
[SourceTitle "CBM 202 Extra"]
[Source "ChessBase"]
[SourceDate "2021.07.31"]
[SourceVersion "1"]
[SourceVersionDate "2021.07.31"]
[SourceQuality "1"]

1. e4 e5 2. Bc4 Bd6 3. d3 Nf6 4. Nc3 0-0 5. Nge2 h6 6. f4 exf4 7. Bxf4 Bxf4 8. Nxf4 Nc6 9. 0-0 a6 10. a4 b5 11. axb5 axb5 12. Rxa8 Nb4 13. Nxb5 Na6 14. Na7 c6 15. Rxc8 Qe7 16. Rxf8+ Qxf8 17. Bxa6 Qa8 18. Bc4 Qxa7+ 19. Kh1 Qb7 20. e5 Ne8 21. Ng6 Qxb2 22. Bxf7+ Kh7 23. Bxe8 Qb8 24. Rf8 d6 25. Rh8# 1-0

[Event "GER-ch Net blitz qual4"]
[Site "Playchess.com INT"]
[Date "2021.05.10"]
[Round "8"]
[White "Schneider, Simon"]
[Black "Kienzle, Stephan"]
[Result "1-0"]
[WhiteElo "1615"]
[BlackElo "1191"]
[PlyCount "29"]
[EventDate "2021.05.10"]
[EventType "swiss (blitz)"]
[EventRounds "11"]
[EventCountry "GER"]
[SourceTitle "CBM 202 Extra"]
[Source "ChessBase"]
[SourceDate "2021.07.31"]
[SourceVersion "1"]
[SourceVersionDate "2021.07.31"]
[SourceQuality "1"]

1. e4 e5 2. Nf3 Bd6 3. Bc4 Nf6 4. 0-0 0-0 5. d3 h6 6. Nc3 Nc6 7. a3 Nd4 8. Be3 Nxf3+ 9. Qxf3 c6 10. Rad1 b5 11. Ba2 c5 12. Qg3 b4 13. axb4 cxb4 14. Bxh6 bxc3 15. Qxg7# 1-0

[Event "GER-ch Net blitz qual3"]
[Site "Playchess.com INT"]
[Date "2021.05.07"]
[Round "9"]
[White "Kienzle, Stephan"]
[Black "Neusuess, Willi"]
[Result "1/2-1/2"]
[WhiteElo "1213"]
[BlackElo "1414"]
[PlyCount "86"]
[EventDate "2021.05.07"]
[EventType "swiss (blitz)"]
[EventRounds "11"]
[EventCountry "GER"]
[SourceTitle "CBM 202 Extra"]
[Source "ChessBase"]
[SourceDate "2021.07.31"]
[SourceVersion "1"]
[SourceVersionDate "2021.07.31"]
[SourceQuality "1"]

1. d4 d5 2. Bf4 c6 3. e3 e6 4. Nf3 f5 5. Bd3 Nf6 6. 0-0 Be7 7. h3 0-0 8. Ne5 Nbd7 9. Nxd7 Bxd7 10. b3 Ne4 11. c4 Bf6 12. Be5 Bxe5 13. dxe5 Qg5 14. cxd5 exd5 15. Nd2 f4 16. Nxe4 dxe4 17. Bxe4 Bxh3 18. Kh2 Bg4 19. Bf3 Qh4+ 20. Kg1 Bf5 21. a4 Rae8 22. b4 Rxe5 23. b5 c5 24. Be2 Qg5 25. Bd3 g6 26. Bxf5 Rfxf5 27. a5 Re8 28. b6 a6 29. Qd7 Rff8 30. Qxb7 fxe3 31. fxe3 Qxe3+ 32. Kh1 Qh6+ 33. Kg1 Rxf1+ 34. Kxf1 Qf8+ 35. Kg1 Re7 36. Qxa6 Qe8 37. b7 Rxb7 38. Qxb7 Qe5 39. Rd1 Qe3+ 40. Kf1 Qf4+ 41. Kg1 Qe3+ 42. Kh1 Qh6+ 43. Kg1 Qe3+ 1/2-1/2

[Event "GER-ch Net blitz qual3"]
[Site "Playchess.com INT"]
[Date "2021.05.07"]
[Round "11"]
[White "Kienzle, Stephan"]
[Black "Reiss, Peter"]
[Result "1/2-1/2"]
[WhiteElo "1213"]
[BlackElo "1377"]
[PlyCount "97"]
[EventDate "2021.05.07"]
[EventType "swiss (blitz)"]
[EventRounds "11"]
[EventCountry "GER"]
[SourceTitle "CBM 202 Extra"]
[Source "ChessBase"]
[SourceDate "2021.07.31"]
[SourceVersion "1"]
[SourceVersionDate "2021.07.31"]
[SourceQuality "1"]

1. e4 c5 2. Bc4 e6 3. Nf3 Nc6 4. 0-0 d6 5. Nc3 g6 6. d3 Bg7 7. Bg5 Qc7 8. h3 Nge7 9. Nb5 Qb8 10. Nxd6+ Qxd6 11. e5 Nxe5 12. Nxe5 Bxe5 13. Be3 0-0 14. c3 a6 15. Bd4 cxd4 16. cxd4 Bxd4 17. Qb3 b5 18. Bxb5 axb5 19. Qxb5 Ba6 20. Qb3 Rfb8 21. Qa3 Bb5 22. Qxd6 Nd5 23. Qxb8+ Rxb8 24. a4 Ba6 25. Ra3 Bxb2 26. Ra2 Bxd3 27. Rd1 Bc2 28. Rd2 Bf5 29. Rdxb2 Rxb2 30. Rxb2 Kg7 31. a5 Bd3 32. a6 Bxa6 33. Ra2 Bd3 34. Ra3 Bf5 35. g4 Bc2 36. Ra2 Bb3 37. Rb2 Bc4 38. h4 f5 39. gxf5 gxf5 40. Rb7+ Kg6 41. Rb8 Nf4 42. Rc8 Bd5 43. Rg8+ Kh6 44. Kh2 Nd3 45. Kg3 Ne5 46. Kf4 Ng4 47. f3 Nf6 48. Rf8 Nh5+ 49. Ke5 1/2-1/2

[Event "GER-ch Net blitz qual3"]
[Site "Playchess.com INT"]
[Date "2021.05.07"]
[Round "7"]
[White "Schenk, Michael"]
[Black "Kienzle, Stephan"]
[Result "1-0"]
[WhiteElo "1474"]
[BlackElo "1213"]
[PlyCount "61"]
[EventDate "2021.05.07"]
[EventType "swiss (blitz)"]
[EventRounds "11"]
[EventCountry "GER"]
[SourceTitle "CBM 202 Extra"]
[Source "ChessBase"]
[SourceDate "2021.07.31"]
[SourceVersion "1"]
[SourceVersionDate "2021.07.31"]
[SourceQuality "1"]

1. e4 e5 2. f4 exf4 3. Nf3 Nf6 4. Nc3 Bc5 5. d4 Bb6 6. Bc4 0-0 7. 0-0 h6 8. Bxf4 Nc6 9. Kh1 Ne7 10. Qd2 d6 11. Bxh6 gxh6 12. Qxh6 Ng4 13. Qg5+ Kh7 14. Qh5+ Kg7 15. Ng5 Ne3 16. Rxf7+ Rxf7 17. Qxf7+ Kh6 18. Ne6 Nxc4 19. Nxd8 Bxd4 20. Qxe7 Nxb2 21. Nf7+ Kh7 22. Nxd6+ Kh6 23. Nxc8 Rxc8 24. Qe6+ Kh7 25. Qxc8 Bxc3 26. Qxc7+ Kh6 27. Qxc3 Na4 28. Qg3 Kh7 29. Rf1 Nb2 30. Rf4 Nc4 31. Rh4# 1-0

[Event "GER-ch Net blitz qual2"]
[Site "Playchess.com INT"]
[Date "2021.05.04"]
[Round "3"]
[White "Majcan, Tom"]
[Black "Kienzle, Stephan"]
[Result "1-0"]
[WhiteElo "1620"]
[BlackElo "1274"]
[PlyCount "55"]
[EventDate "2021.05.04"]
[EventType "swiss (blitz)"]
[EventRounds "11"]
[EventCountry "GER"]
[SourceTitle "CBM 202 Extra"]
[Source "ChessBase"]
[SourceDate "2021.07.31"]
[SourceVersion "1"]
[SourceVersionDate "2021.07.31"]
[SourceQuality "1"]

1. d4 g6 2. c4 Bg7 3. Nc3 Nf6 4. e4 0-0 5. h3 Nc6 6. Nf3 Nb4 7. a3 Na6 8. Bd3 c6 9. Be3 d5 10. e5 Nd7 11. 0-0 dxc4 12. Bxc4 Nc7 13. Qd2 b5 14. Ba2 c5 15. dxc5 Nxc5 16. Qxd8 Rxd8 17. Bxc5 Ne6 18. Bxe7 Re8 19. Bf6 Bxf6 20. exf6 Nc5 21. Nxb5 Be6 22. Nc7 Bxa2 23. Nxe8 Rxe8 24. Rxa2 Nd3 25. b4 Ne5 26. Nxe5 Rxe5 27. Rc2 Rf5 28. Rc8# 1-0

[Event "GER-ch Net blitz qual1"]
[Site "Playchess.com INT"]
[Date "2021.04.24"]
[Round "3"]
[White "Dementev, Dmitrii"]
[Black "Kienzle, Stephan"]
[Result "1-0"]
[WhiteElo "1718"]
[BlackElo "1217"]
[PlyCount "73"]
[EventDate "2021.04.24"]
[EventType "swiss (blitz)"]
[EventRounds "11"]
[EventCountry "GER"]
[SourceTitle "CBM 202 Extra"]
[Source "ChessBase"]
[SourceDate "2021.07.31"]
[SourceVersion "1"]
[SourceVersionDate "2021.07.31"]
[SourceQuality "1"]

1. d4 g6 2. Bf4 Bg7 3. Nf3 Nf6 4. g3 0-0 5. Qc1 d6 6. Bh6 Bxh6 7. Qxh6 e5 8. dxe5 dxe5 9. Nxe5 Qe8 10. Nf3 Qb5 11. Qc1 Qb4+ 12. Nc3 Ne4 13. Qe3 Nxc3 14. Qxc3 Qxc3+ 15. bxc3 Nc6 16. Bg2 Bf5 17. Rc1 Bg4 18. Nd4 Ne5 19. Bxb7 Rab8 20. Bd5 Be6 21. Bxe6 fxe6 22. Nxe6 Rfe8 23. Nxc7 Rec8 24. Nd5 Rd8 25. e4 Nc4 26. 0-0 Nb2 27. Rb1 Na4 28. Rb3 Nc5 29. Rxb8 Rxb8 30. f3 Rb2 31. Nb4 Na4 32. e5 Nxc3 33. a3 Kf7 34. f4 Ke6 35. g4 a5 36. Nc6 Rxc2 37. Nd4+ 1-0

[Event "GER-ch Net blitz qual1"]
[Site "Playchess.com INT"]
[Date "2021.04.24"]
[Round "11"]
[White "Kienzle, Stephan"]
[Black "Hoferichter, Michael"]
[Result "1/2-1/2"]
[WhiteElo "1217"]
[BlackElo "1299"]
[PlyCount "86"]
[EventDate "2021.04.24"]
[EventType "swiss (blitz)"]
[EventRounds "11"]
[EventCountry "GER"]
[SourceTitle "CBM 202 Extra"]
[Source "ChessBase"]
[SourceDate "2021.07.31"]
[SourceVersion "1"]
[SourceVersionDate "2021.07.31"]
[SourceQuality "1"]

1. d4 Nf6 2. Bf4 e6 3. e3 d5 4. Nf3 c5 5. dxc5 Bxc5 6. Bb5+ Nc6 7. 0-0 a6 8. Be2 0-0 9. Ne5 Nxe5 10. Bxe5 Bd6 11. Bxd6 Qxd6 12. b3 b5 13. c4 Bb7 14. cxd5 exd5 15. Nc3 Rfd8 16. a4 b4 17. Na2 a5 18. Bb5 Ba6 19. Bxa6 Rxa6 20. h3 Rc8 21. Nc1 Rac6 22. Nd3 Rc3 23. Nxb4 axb4 24. a5 Rxb3 25. Qxb3 Ne4 26. Rab1 Rc4 27. Qa2 d4 28. exd4 Qxd4 29. a6 b3 30. Rxb3 Ra4 31. Qb1 g6 32. Rb8+ Kg7 33. Qd1 Qa7 34. Re8 Ng3 35. Rfe1 Qxa6 36. fxg3 Ra3 37. Qe2 Rxg3 38. Qxa6 Rc3 39. Qa5 Rb3 40. Qa4 Rb6 41. Qa5 Rb3 42. Qa4 Rb6 43. Qa5 Rb3 1/2-1/2

[Event "GER-ch Net blitz qual1"]
[Site "Playchess.com INT"]
[Date "2021.04.24"]
[Round "5"]
[White "Schubert, Joachim"]
[Black "Kienzle, Stephan"]
[Result "1-0"]
[WhiteElo "1701"]
[BlackElo "1217"]
[PlyCount "49"]
[EventDate "2021.04.24"]
[EventType "swiss (blitz)"]
[EventRounds "11"]
[EventCountry "GER"]
[SourceTitle "CBM 202 Extra"]
[Source "ChessBase"]
[SourceDate "2021.07.31"]
[SourceVersion "1"]
[SourceVersionDate "2021.07.31"]
[SourceQuality "1"]

1. e4 e5 2. Nf3 Bd6 3. c3 Nf6 4. Qc2 0-0 5. Be2 h6 6. 0-0 Nc6 7. d3 Nd4 8. cxd4 exd4 9. Nxd4 Nd5 10. exd5 c6 11. dxc6 dxc6 12. Nf3 Bg4 13. h3 Bh5 14. Be3 Qc7 15. Nbd2 Bf4 16. Ne4 Bxe3 17. fxe3 Qc8 18. Ng3 Bxf3 19. Rxf3 Re8 20. Raf1 Rxe3 21. Rxe3 b5 22. Ref3 c5 23. Rxf7 c4 24. Qc3 cxd3 25. Qxg7# 1-0